|
|
|
|
| LEADER |
00000nam0a2200000 4500 |
| 001 |
235759 |
| 005 |
20231101231425.0 |
| 010 |
|
|
|a 9785991624091
|
| 010 |
|
|
|a 978-5-9692-1416-3
|
| 035 |
|
|
|a (RuTPU)RU\TPU\book\256899
|
| 035 |
|
|
|a RU\TPU\book\75836
|
| 035 |
|
|
|a RU\TPU\book\152685
|
| 035 |
|
|
|a RU\TPU\book\176834
|
| 090 |
|
|
|a 235759
|
| 100 |
|
|
|a 20041211d2013 m y0rusy50 ca
|
| 101 |
0 |
|
|a rus
|
| 102 |
|
|
|a RU
|
| 105 |
|
|
|a y j 001zy
|
| 200 |
1 |
|
|a Экологическое право
|e учебник для бакалавров
|f под ред. С. А. Боголюбова
|
| 205 |
|
|
|a 4-е изд., доп. и перераб.
|
| 210 |
|
|
|a Москва
|c Юрайт
|d 2013
|
| 215 |
|
|
|a 431 с.
|
| 225 |
1 |
|
|a Бакалавр. Базовый курс
|
| 320 |
|
|
|a Литература: с. 428-430.
|
| 330 |
|
|
|a В учебнике изложен курс «Экологическое право», соответствующий программам и стандартам Министерства образования и науки Российской Федерации для студентов вузов, обучающихся по специальности «Юриспруденция». Рассмотрены понятие, методы, источники и принципы экологического права, экологические права и обязанности граждан, организационный и экономический механизмы охраны окружающей среды, проблемы экологического контроля, юридическая ответственность в области охраны природной среды. Особенная часть учебника посвящена вопросам правовой охраны земли, недр, вод, лесов, животного мира и атмосферного воздуха, особо охраняемых природных территорий (заповедники, заказники, памятники природы) и объектов. Отличительными чертами издания являются подробное освещение деятельности новых органов экологического управления, экологических требований к хозяйственной деятельности, информационного обеспечения защиты экологических прав, комментирование новейшего законодательства и предложений по его дальнейшему совершенствованию.
|
| 451 |
|
1 |
|0 (RuTPU)RU\TPU\book\152685
|y 978-5-9692-0190-3
|t Экологическое право
|o учебник для вузов
|f под ред. С. А. Боголюбова
|c М.
|n Высшее образование
|d 2008
|p 485 с.
|s Основы наук
|
| 606 |
1 |
|
|a Экологическое право
|2 stltpush
|3 (RuTPU)RU\TPU\subj\26534
|9 50439
|
| 610 |
1 |
|
|a экология
|
| 610 |
1 |
|
|a экологические правоотношения
|
| 610 |
1 |
|
|a экологические преступления
|
| 610 |
1 |
|
|a окружающая среда
|
| 610 |
1 |
|
|a международное сотрудничество
|
| 610 |
1 |
|
|a нормативные акты
|
| 610 |
1 |
|
|a природопользование
|
| 610 |
1 |
|
|a природоресурсное право
|
| 610 |
1 |
|
|a экологический контроль
|
| 610 |
1 |
|
|a экологический мониторинг
|
| 610 |
1 |
|
|a экологическое нормирование
|
| 610 |
1 |
|
|a экологическая экспертиза
|
| 610 |
1 |
|
|a экологическое лицензирование
|
| 610 |
1 |
|
|a чрезвычайные ситуации
|
| 610 |
1 |
|
|a экологические бедствия
|
| 610 |
1 |
|
|a экологический аудит
|
| 610 |
1 |
|
|a экономическое регулирование
|
| 610 |
1 |
|
|a экономическое стимулирование
|
| 610 |
1 |
|
|a земели
|
| 610 |
1 |
|
|a правовая охрана
|
| 610 |
1 |
|
|a лесное хозяйство
|
| 610 |
1 |
|
|a водное хозяйство
|
| 610 |
1 |
|
|a государственное управление
|
| 610 |
1 |
|
|a животный мир
|
| 610 |
1 |
|
|a атмосферный воздух
|
| 610 |
1 |
|
|a озоновый слой
|
| 610 |
1 |
|
|a особо охраняемые природные территории
|
| 610 |
1 |
|
|a Красная книга
|
| 610 |
1 |
|
|a учебники
|
| 610 |
1 |
|
|a недра
|
| 686 |
|
|
|a Х625я73
|v LBC/SL-A
|2 rubbk
|
| 702 |
|
1 |
|a Боголюбов
|b С. А.
|g Сергей Александрович
|4 340
|
| 801 |
|
1 |
|a RU
|b 63413507
|c 20130416
|
| 801 |
|
2 |
|a RU
|b 63413507
|c 20211011
|g RCR
|
| 900 |
|
|
|a Экологическое, водное и земельное право
|
| 942 |
|
|
|c BK
|
| 951 |
|
|
|b 030900
|
| 959 |
|
|
|a 69/20130409
|d 2
|e 329,00
|f ЧЗТЛ:1
|f АНЛ:1
|